Sports Quiz

Random Sports Quiz

60s F1 Drivers (191 participants) Quiz Stats

 Plays Quiz not verified by Sporcle

Challenge
Share
Tweet
Embed
Score 0/191 Timer 12:00
0 Plays Today
Rank Driver % Correct
1Graham HILL
98.6%
2Jack BRABHAM
98.6%
16Phil HILL
97.9%
4John SURTEES
94.4%
8Jim CLARK
94.4%
11Jackie STEWART
93.7%
10Jochen RINDT
92.3%
12Denny HULME
92.3%
27Jacky ICKX
92.3%
3Bruce McLAREN
91.6%
5Dan GURNEY
89.5%
35Stirling MOSS
89.5%
31Wolfgang Von TRIPS
87.4%
14Chris AMON
86.7%
15Lorenzo BANDINI
86%
18Pedro RODRIGUEZ
85.3%
9Richie GINTHER
84.6%
59Ricardo RODRIGUEZ
84.6%
115Alberto RODRIGUEZ-LARRETA
84.6%
6Jo BONNIER
82.5%
7Jo SIFFERT
81.8%
33Tony BROOKS
81.1%
13Innes IRELAND
77.6%
28Giancarlo BAGHETTI
75.5%
71Mario ANDRETTI
73.4%
22Jean-Pierre BELTOISE
72%
23Maurice TRINTIGNANT
70.6%
17Mike SPENCE
68.5%
45Ludovico SCARFIOTTI
67.8%
29Jackie OLIVER
65.7%
68Peter REVSON
65.7%
37Mike HAILWOOD
64.3%
49Johnny SERVOZ-GAVIN
63.6%
19Trevor TAYLOR
62.9%
52Henry TAYLOR
62.9%
57Mike PARKES
62.9%
60John TAYLOR
62.9%
106Henri PESCAROLO
62.2%
116Jose-Froilan GONZALEZ
60.8%
32Dick ATTWOOD
58%
20Tony MAGGS
55.9%
26Piers COURAGE
55.9%
85Derek BELL
54.5%
87Cliff ALLISON
53.1%
34Roy SALVADORI
52.4%
58John LOVE
52.4%
93John CAMPBELL-JONES
52.4%
184Jonathan WILLIAMS
52.4%
53Olivier GENDEBIEN
51.7%
24Masten GREGORY
51%
41Peter ARUNDELL
51%
112Harry SCHELL
51%
186Andrea De ADAMICH
50.3%
21Bob ANDERSON
49.7%
187Jo SCHLESSER
49.7%
65Hans HERRMANN
47.6%
119Eddie JOHNSON
45.5%
39Vic ELFORD
43.4%
47Jackie LEWIS
43.4%
69Gerhard MITTER
42.7%
82Brian REDMAN
42.7%
38Guy LIGIER
42%
25Carel GODIN de BEAUFORT
41.3%
76Jack FAIRMAN
40.6%
Rank Driver % Correct
146Troy RUTTMAN
39.2%
136Johnny THOMSON
37.8%
36Willy MAIRESSE
37.1%
122AJ FOYT
36.4%
130Dempsey WILSON
36.4%
154Vic WILSON
36.4%
30Lucien BIANCHI
35.7%
94Rodger WARD
34.3%
62John MILES
32.2%
63Alan STACEY
30.8%
117Carlos MENDITEGUY
30.1%
73Chris BRISTOW
29.4%
48Bob BONDURANT
28.7%
83David HOBBS
28%
90Tim PARNELL
25.9%
44Chris IRWIN
23.8%
51Moises SOLANA
23.8%
110George EATON
23.8%
70Nino VACCARELLA
23.1%
118Ettore CHIMERI
23.1%
178André PILETTE
23.1%
67Bernard COLLOMB
21.7%
72Pete LOVELY
21.7%
43Ian BURGESS
21%
66Brian NAYLOR
20.3%
89Tony MARSH
20.3%
138Dick RATHMANN
20.3%
147Jim RATHMANN
20.3%
108Bill BRACK
17.5%
173Mike HARRIS
16.8%
179John RHODES
16.8%
125Jimmy BRYAN
16.1%
182Alan REES
16.1%
190Bobby UNSER
16.1%
77Gerry ASHMORE
15.4%
157Fred GAMBLE
14.7%
86Ron FLOCKHART
14%
121Paul GOLDSMITH
14%
156Arthur OWEN
14%
40Jim HALL
13.3%
42Ronnie BUCKNUM
13.3%
46Silvio MOSER
11.9%
104Dave CHARLTON
11.2%
50Frank GARDNER
10.5%
109Al PEASE
10.5%
124Eddie SACHS
10.5%
152David PIPER
10.5%
99David PROPHET
9.8%
101Chris LAWRENCE
9.8%
92Roger PENSKE
9.1%
105Hubert HAHNE
9.1%
102GEKI
8.4%
135Tony BETTENHAUSEN
8.4%
84Peter De KLERK
7.7%
97Edgar BARTH
7.7%
153Giulio CABIANCA
7%
189Kurt AHRENS
6.3%
75Giorgio SCARLATTI
5.6%
148Al HERMAN
5.6%
165Ben PON
5.6%
56Hap SHARP
4.9%
98Walt HANSGEN
4.9%
137Eddie RUSSO
4.9%
174Neville LEDERLE
4.9%
Rank Driver % Correct
175Peter BROEKER
4.9%
183Eppie WIETZES
4.9%
185Jackie PRETORIUS
4.9%
191John CORDTS
4.9%
74Chuck DAIGH
4.2%
88Michael MAY
4.2%
91Lloyd RUBY
4.2%
126Duane CARTER
4.2%
61Sam TINGLE
3.5%
80Ian RABY
3.5%
95Ernie PIETERSE
3.5%
96Doug SERRURIER
3.5%
103Mike FISHER
3.5%
150Lance REVENTLOW
3.5%
161Gaetano STARRABBA
3.5%
54Wolfgang SEIDEL
2.8%
55Tony SETTEMBER
2.8%
78Keith GREENE
2.8%
79Mario Araujo De CABRAL
2.8%
81Paul HAWKINS
2.8%
100Roberto BUSSINELLO
2.8%
107Basil Van ROOYEN
2.8%
113Roberto BONOMI
2.8%
132Red AMICK
2.8%
143Don BRANSON
2.8%
163Roberto LIPPI
2.8%
166Jay CHAMBERLAIN
2.8%
172Bruce JOHNSTONE
2.8%
177Trevor BLOKDYK
2.8%
180Giorgio BASSI
2.8%
188Robin WIDDOWS
2.8%
64Gino MUNARON
2.1%
111Nasif ESTEFANO
2.1%
114Antonio CREUS
2.1%
129Johnny BOYD
2.1%
133Bob CHRISTIE
2.1%
151Bruce HALFORD
2.1%
160Massimo NATILI
2.1%
164Peter RYAN
2.1%
167Tony SHELLY
2.1%
170Tim MAYER
2.1%
176Brausch NIEMANN
2.1%
181Luki BOTHA
2.1%
123Chuck STEVENSON
1.4%
128Don FREELAND
1.4%
131Bill HOMEIER
1.4%
134Bob VEITH
1.4%
139Gene HARTLEY
1.4%
141Bud TINGELSTAD
1.4%
142Gene FORCE
1.4%
144Bobby GRIM
1.4%
149Jim HURTUBISE
1.4%
155Alfonso THIELE
1.4%
168Heini WALTER
1.4%
171Rob SCHROEDER
1.4%
120Len SUTTON
0.7%
127Shorty TEMPLEMAN
0.7%
140Wayne WEILER
0.7%
145Jim McWITHEY
0.7%
158Piero DROGO
0.7%
159Bob DRAKE
0.7%
162Renato PIROCCHI
0.7%
169Heinz SCHILLER
0.7%

You're not logged in!

Compare scores with friends on all Sporcle quizzes.
Join for Free
OR
Log In

You Might Also Like...

Show Comments

Extras

Top Quizzes Today


Score Distribution

Your Account Isn't Verified!

In order to create a playlist on Sporcle, you need to verify the email address you used during registration. Go to your Sporcle Settings to finish the process.

Report this User

Report this user for behavior that violates our Community Guidelines.

Details: